000 00920nam a22001817a 4500
999 _c59384
_d59384
003 Ge_BSU
005 20230202112516.0
008 230202s ge ||||| |||| 00| 0 geo d
041 _ageo
080 _a342.7(479.22) + 341.231.14(094.1) ა-26
245 _aადამიანის ძირითადი უფლებანი და თავისუფლებანი :
_bსაკანონმდებლო აქტების კრებული /
_c [შემდგ.: პაატა ცნობილაძე].
264 _aთბილისი,
_c2000.
300 _a260 გვ. ;
_b21 სმ.
653 _aადამიანის ძირითადი უფლებები
653 _aადამიანის თავისუფლებები
700 _aცნობილაძე, პაატა
_eშემდგენელი
_98149
942 _2udc
_cBK